Townships of Minnesota - Statistics

General Stats
  • This quiz has been taken 9 times
    6 since last reset
  • The average score is 4 of 1809
Answer Stats
Township and county it is located in % Correct
P
40%
Albert Lea Freeborn
20%
Alden Freeborn
20%
Barnesville Clay
20%
Big Lake Sherburne
20%
Duluth St. Louis
20%
Glyndon Clay
20%
Green Lake Kandiyohi
20%
Irving Kandiyohi
20%
Keene Clay
20%
Kurtz Clay
20%
Livonia Sherburne
20%
Mankato Blue Earth
20%
Moorhead Clay
20%
Moscow Freeborn
20%
New London Kandiyohi
20%
Nunda Freeborn
20%
Oakland Freeborn
20%
Roseville Kandiyohi
20%
Tansem Clay
20%
157-30 Lake of the Woods
0%
158-30 Lake of the Woods
0%
Aastad Otter Tail
0%
Acoma McLeod
0%
Acton Meeker
0%
Adams Mower
0%
Adrian Watonwan
0%
Aetna Pipestone
0%
Agassiz Lac qui Parle
0%
Agder Marshall
0%
Agram Morrison
0%
Aitkin Aitkin
0%
Akeley Hubbard
0%
Akron Big Stone
0%
Akron Wilkin
0%
Alango St. Louis
0%
Alaska Beltrami
0%
Alba Jackson
0%
Albany Stearns
0%
Alberta Benton
0%
Albin Brown
0%
Albion Wright
0%
Alborn St. Louis
0%
Alden St. Louis
0%
Aldrich Wadena
0%
Alexandria Douglas
0%
Alfsborg Sibley
0%
Alliance Clay
0%
Alma Marshall
0%
Almond Big Stone
0%
Alta Vista Lincoln
0%
Altona Pipestone
0%
Alton Waseca
0%
Alvwood Itasca
0%
Amador Chisago
0%
Amboy Cottonwood
0%
Amherst Fillmore
0%
Amiret Lyon
0%
Amo Cottonwood
0%
Amor Otter Tail
0%
Andover Polk
0%
Andrea Wilkin
0%
Angle Lake of the Woods
0%
Angora St. Louis
0%
Angus Polk
0%
Ann Cottonwood
0%
Ann Lake Kanabec
0%
Ansel Cass
0%
Anthony Norman
0%
Antrim Watonwan
0%
Appleton Swift
0%
Arago Hubbard
0%
Arbo Itasca
0%
Arctander Kandiyohi
0%
Ardenhurst Itasca
0%
Arena Lac qui Parle
0%
Arendahl Fillmore
0%
Arlington Sibley
0%
Arlone Pine
0%
Arna Pine
0%
Arrowhead St. Louis
0%
Arthur Kanabec
0%
Arthur Traverse
0%
Artichoke Big Stone
0%
Arveson Kittson
0%
Ash Lake Lincoln
0%
Ashland Dodge
0%
Ashley Stearns
0%
Athens Isanti
0%
Atherton Wilkin
0%
Atkinson Carlton
0%
Atlanta Becker
0%
Audubon Becker
0%
Augsburg Marshall
0%
Augusta Lac qui Parle
0%
Ault St. Louis
0%
Aurdal Otter Tail
0%
Aurora Steele
0%
Austin Mower
0%
Automba Carlton
0%
Avon Stearns
0%
Badger Polk
0%
Badoura Hubbard
0%
Baker Stevens
0%
Baldwin Sherburne
0%
Balkan St. Louis
0%
Ball Bluff Aitkin
0%
Balsam Aitkin
0%
Balsam Itasca
0%
Bancroft Freeborn
0%
Bandon Renville
0%
Bangor Pope
0%
Barber Faribault
0%
Barclay Cass
0%
Barnett Roseau
0%
Barnum Carlton
0%
Barry Pine
0%
Barsness Pope
0%
Bartlett Todd
0%
Barto Roseau
0%
Bashaw Brown
0%
Bassett St. Louis
0%
Bath Freeborn
0%
Battle Beltrami
0%
Battle Plain Rock
0%
Baudette Lake of the Woods
0%
Baxter Lac qui Parle
0%
Bay Lake Crow Wing
0%
Baytown Washington
0%
Bear Creek Clearwater
0%
Bear Park Norman
0%
Bearville Itasca
0%
Beatty St. Louis
0%
Beauford Blue Earth
0%
Beaulieu Mahnomen
0%
Beaver Aitkin
0%
Beaver Bay Lake
0%
Beaver Creek Rock
0%
Beaver Falls Renville
0%
Beaver Fillmore
0%
Beaver Roseau
0%
Becker Cass
0%
Becker Sherburne
0%
Bejou Mahnomen
0%
Belfast Murray
0%
Belgium Polk
0%
Belgrade Nicollet
0%
Belle Creek Goodhue
0%
Belle Plaine Scott
0%
Belle Prairie Morrison
0%
Belle River Douglas
0%
Bellevue Morrison
0%
Belmont Jackson
0%
Belvidere Goodhue
0%
Bemidji Beltrami
0%
Bennington Mower
0%
Benson Swift
0%
Benton Carver
0%
Benville Beltrami
0%
Ben Wade Pope
0%
Bergen McLeod
0%
Berlin Steele
0%
Bernadotte Nicollet
0%
Bertha Todd
0%
Beseman Carlton
0%
Beulah Cass
0%
Big Bend Chippewa
0%
Bigelow Nobles
0%
Bigfork Itasca
0%
Big Stone Big Stone
0%
Big Woods Marshall
0%
Birch Beltrami
0%
Birch Cooley Renville
0%
Birch Creek Pine
0%
Birchdale Todd
0%
Birch Lake Cass
0%
Bird Island Renville
0%
Bismarck Sibley
0%
Biwabik St. Louis
0%
Blackberry Itasca
0%
Black Hammer Houston
0%
Blackhoof Carlton
0%
Black River Pennington
0%
Blakeley Scott
0%
Blind Lake Cass
0%
Bloomer Marshall
0%
Bloomfield Fillmore
0%
Blooming Grove Waseca
0%
Blooming Prairie Steele
0%
Bloom Nobles
0%
Blowers Otter Tail
0%
Blueberry Wadena
0%
Blue Hill Sherburne
0%
Blue Mounds Pope
0%
Bluffton Otter Tail
0%
Bogus Brook Mille Lacs
0%
Bondin Murray
0%
Boone Lake of the Woods
0%
Boon Lake Renville
0%
Borgholm Mille Lacs
0%
Bowstring Itasca
0%
Boxville Marshall
0%
Boy Lake Cass
0%
Boy River Cass
0%
Bradbury Mille Lacs
0%
Bradford Isanti
0%
Bradford Wilkin
0%
Brandon Douglas
0%
Brandrup Wilkin
0%
Brandsvold Polk
0%
Brandt Polk
0%
Bray Pennington
0%
Breckenridge Wilkin
0%
Breitung St. Louis
0%
Bremen Pine
0%
Brevator St. Louis
0%
Bridgewater Rice
0%
Brighton Nicollet
0%
Brislet Polk
0%
Bristol Fillmore
0%
Brockway Stearns
0%
Brookfield Renville
0%
Brook Park Pine
0%
Brookville Redwood
0%
Browns Creek Red Lake
0%
Browns Valley Big Stone
0%
Brownsville Houston
0%
Bruce Todd
0%
Bruno Pine
0%
Brunswick Kanabec
0%
Brush Creek Faribault
0%
Buckman Morrison
0%
Buffalo Wright
0%
Buh Morrison
0%
Bullard Wadena
0%
Bull Moose Cass
0%
Bungo Cass
0%
Burbank Kandiyohi
0%
Burke Pipestone
0%
Burleene Todd
0%
Burlington Becker
0%
Burnhamville Todd
0%
Burnstown Brown
0%
Burton Yellow Medicine
0%
Buse Otter Tail
0%
Butler Otter Tail
0%
Butterfield Watonwan
0%
Butternut Valley Blue Earth
0%
Buzzle Beltrami
0%
Bygland Polk
0%
Byron Cass
0%
Byron Waseca
0%
Cairo Renville
0%
Caledonia Houston
0%
Callaway Becker
0%
Cambria Blue Earth
0%
Cambridge Isanti
0%
Camden Carver
0%
Cameron Murray
0%
Camp 5 St. Louis
0%
Campbell Wilkin
0%
Camp Lake Swift
0%
Camp Release Lac qui Parle
0%
Camp Renville
0%
Candor Otter Tail
0%
Canisteo Dodge
0%
Cannon City Rice
0%
Cannon Falls Goodhue
0%
Cannon Kittson
0%
Canosia St. Louis
0%
Canton Fillmore
0%
Caribou Kittson
0%
Carimona Fillmore
0%
Carlisle Otter Tail
0%
Carlos Douglas
0%
Carlston Freeborn
0%
Carpenter Itasca
0%
Carrolton Fillmore
0%
Carson Cottonwood
0%
Carsonville Becker
0%
Cascade Olmsted
0%
Cashel Swift
0%
Castle Rock Dakota
0%
Cedarbend Roseau
0%
Cedar Lake Scott
0%
Cedar Marshall
0%
Cedar Martin
0%
Cedar Mills Meeker
0%
Cedar Valley St. Louis
0%
Center Creek Martin
0%
Center Crow Wing
0%
Ceresco Blue Earth
0%
Cerro Gordo Lac qui Parle
0%
Champion Wilkin
0%
Chanarambie Murray
0%
Charlestown Redwood
0%
Chaska Carver
0%
Chatfield Fillmore
0%
Chatham Wright
0%
Chengwatana Pine
0%
Cherry Grove Goodhue
0%
Cherry St. Louis
0%
Chester Polk
0%
Chester Wabasha
0%
Chief Mahnomen
0%
Chilgren Lake of the Woods
0%
Chippewa Falls Pope
0%
Chisago Lake Chisago
0%
Christiania Jackson
0%
Claremont Dodge
0%
Clark Aitkin
0%
Clark Faribault
0%
Clay Hubbard
0%
Clayton Mower
0%
Clear Lake Sherburne
0%
Clearwater Wright
0%
Cleveland Le Sueur
0%
Clifton Lyon
0%
Clifton Traverse
0%
Clinton Falls Steele
0%
Clinton Rock
0%
Clinton St. Louis
0%
Clitherall Otter Tail
0%
Clontarf Swift
0%
Clover Clearwater
0%
Clover Hubbard
0%
Clover Leaf Pennington
0%
Clover Mahnomen
0%
Clover Pine
0%
Clow Kittson
0%
Cokato Wright
0%
Colfax Kandiyohi
0%
Collegeville Stearns
0%
Collins McLeod
0%
Collinwood Meeker
0%
Columbia Polk
0%
Colvin St. Louis
0%
Comfort Kanabec
0%
Como Marshall
0%
Compton Otter Tail
0%
Comstock Marshall
0%
Concord Dodge
0%
Connelly Wilkin
0%
Coon Creek Lyon
0%
Copley Clearwater
0%
Cordova Le Sueur
0%
Corinna Wright
0%
Corliss Otter Tail
0%
Cormant Beltrami
0%
Cormorant Becker
0%
Cornish Aitkin
0%
Cornish Sibley
0%
Cosmos Meeker
0%
Cotton St. Louis
0%
Cottonwood Brown
0%
Courtland Nicollet
0%
Crate Chippewa
0%
Credit River Scott
0%
Croke Traverse
0%
Cromwell Clay
0%
Crooked Creek Houston
0%
Crooked Lake Cass
0%
Crooks Renville
0%
Crookston Polk
0%
Crosby Pine
0%
Crow Lake Stearns
0%
Crow River Stearns
0%
Crow Wing Crow Wing
0%
Crow Wing Lake Hubbard
0%
Crystal Bay Lake
0%
Cuba Becker
0%
Culdrum Morrison
0%
Culver St. Louis
0%
Cushing Morrison
0%
Custer Lyon
0%
Daggett Brook Crow Wing
0%
Dahlgren Carver
0%
Dailey Mille Lacs
0%
Dalbo Isanti
0%
Dale Cottonwood
0%
Dane Prairie Otter Tail
0%
Danforth Pine
0%
Danielson Meeker
0%
Danville Blue Earth
0%
Darling Morrison
0%
Darnen Stevens
0%
Darwin Meeker
0%
Dassel Meeker
0%
Davis Kittson
0%
Dead Lake Otter Tail
0%
Decoria Blue Earth
0%
Deer Creek Otter Tail
0%
Deerfield Cass
0%
Deerfield Steele
0%
Deerhorn Wilkin
0%
Deer Park Pennington
0%
Deer River Itasca
0%
Deer Roseau
0%
Deerwood Crow Wing
0%
Deerwood Kittson
0%
Delafield Jackson
0%
Delavan Faribault
0%
Delaware Grant
0%
Delhi Redwood
0%
Dell Grove Pine
0%
Delton Cottonwood
0%
Denmark Washington
0%
Denver Rock
0%
Derrynane Le Sueur
0%
Des Moines Jackson
0%
Des Moines River Murray
0%
Detroit Becker
0%
Dewald Nobles
0%
Dewey Roseau
0%
Dexter Mower
0%
Diamond Lake Lincoln
0%
Dieter Roseau
0%
Dollymount Traverse
0%
Donnelly Marshall
0%
Donnelly Stevens
0%
Dora Otter Tail
0%
Douglas Dakota
0%
Dover Olmsted
0%
Dovray Murray
0%
Dovre Kandiyohi
0%
Drammen Lincoln
0%
Dresbach Winona
0%
Dryden Sibley
0%
Dublin Swift
0%
Dudley Clearwater
0%
Dunbar Faribault
0%
Dunn Otter Tail
0%
Durand Beltrami
0%
Eagle Carlton
0%
Eagle Lake Otter Tail
0%
Eagle Point Marshall
0%
Eagles Nest St. Louis
0%
Eagle Valley Todd
0%
Eagle View Becker
0%
East Chain Martin
0%
Eastern Otter Tail
0%
East Lake Lillian Kandiyohi
0%
East Park Marshall
0%
East Side Mille Lacs
0%
East Valley Marshall
0%
Echo Yellow Medicine
0%
Eckles Beltrami
0%
Eckvoll Marshall
0%
Eddy Clearwater
0%
Eden Brown
0%
Eden Lake Stearns
0%
Eden Pipestone
0%
Eden Polk
0%
Edison Swift
0%
Edna Otter Tail
0%
Edwards Kandiyohi
0%
Effington Otter Tail
0%
Eglon Clay
0%
Eidsvold Lyon
0%
Elba Winona
0%
Elbow Lake Grant
0%
Eldorado Stevens
0%
Elgin Wabasha
0%
Elizabeth Otter Tail
0%
Elk Lake Grant
0%
Elk Nobles
0%
Elkton Clay
0%
Ellington Dodge
0%
Ellsborough Murray
0%
Ellsburg St. Louis
0%
Ellsworth Meeker
0%
Elm Creek Martin
0%
Elmdale Morrison
0%
Elmer Pipestone
0%
Elmer St. Louis
0%
Elmira Olmsted
0%
Elmo Otter Tail
0%
Elmore Faribault
0%
Elmwood Clay
0%
Elysian Le Sueur
0%
Emardville Red Lake
0%
Embarrass St. Louis
0%
Emerald Faribault
0%
Emmet Renville
0%
Empire Dakota
0%
Enstrom Roseau
0%
Enterprise Jackson
0%
Equality Red Lake
0%
Erdahl Grant
0%
Erhards Grove Otter Tail
0%
Ericson Renville
0%
Erie Becker
0%
Erin Rice
0%
Espelie Marshall
0%
Esther Polk
0%
Euclid Polk
0%
Eureka Dakota
0%
Evansville Douglas
0%
Everglade Stevens
0%
Evergreen Becker
0%
Everts Otter Tail
0%
Ewington Jackson
0%
Excel Marshall
0%
Eyota Olmsted
0%
Fahlun Kandiyohi
0%
Fairbanks St. Louis
0%
Fairfax Polk
0%
Fairfield Crow Wing
0%
Fairfield Swift
0%
Fair Haven Stearns
0%
Fairmont Martin
0%
Fairview Cass
0%
Fairview Lyon
0%
Falk Clearwater
0%
Fall Lake Lake
0%
Falun Roseau
0%
Fanny Polk
0%
Farden Hubbard
0%
Farley Polk
0%
Farming Stearns
0%
Farmington Olmsted
0%
Farm Island Aitkin
0%
Fawn Lake Todd
0%
Faxon Sibley
0%
Fayal St. Louis
0%
Featherstone Goodhue
0%
Feeley Itasca
0%
Felton Clay
0%
Fenton Murray
0%
Fergus Falls Otter Tail
0%
Fern Hubbard
0%
Fieldon Watonwan
0%
Field St. Louis
0%
Fillmore Fillmore
0%
Fine Lakes St. Louis
0%
Finlayson Pine
0%
Fisher Polk
0%
Fish Lake Chisago
0%
Fleming Aitkin
0%
Fleming Pine
0%
Flom Norman
0%
Floodwood St. Louis
0%
Flora Renville
0%
Florence Goodhue
0%
Florida Yellow Medicine
0%
Flowing Clay
0%
Foldahl Marshall
0%
Folden Otter Tail
0%
Folsom Traverse
0%
Ford Kanabec
0%
Forest Area Lake of the Woods
0%
Forest Becker
0%
Forest City Meeker
0%
Forest Prairie Meeker
0%
Forest Rice
0%
Forestville Fillmore
0%
Fork Marshall
0%
Fortier Yellow Medicine
0%
Fort Ripley Crow Wing
0%
Fossum Norman
0%
Foster Big Stone
0%
Foster Faribault
0%
Fountain Fillmore
0%
Fountain Prairie Pipestone
0%
Foxhome Wilkin
0%
Fox Lake Martin
0%
Framnas Stevens
0%
Franconia Chisago
0%
Frankford Mower
0%
Franklin Wright
0%
Fraser Martin
0%
Fredenberg St. Louis
0%
Freeborn Freeborn
0%
Freedom Waseca
0%
Freeland Lac qui Parle
0%
Freeman Freeborn
0%
Fremont Winona
0%
French Lake Wright
0%
French St. Louis
0%
Friberg Otter Tail
0%
Friendship Yellow Medicine
0%
Frohn Beltrami
0%
Gail Lake Crow Wing
0%
Galena Martin
0%
Gales Redwood
0%
Garden City Blue Earth
0%
Garden Polk
0%
Garfield Lac qui Parle
0%
Garfield Polk
0%
Garnes Red Lake
0%
Garrison Crow Wing
0%
Geneva Freeborn
0%
Gennessee Kandiyohi
0%
Gentilly Polk
0%
Georgetown Clay
0%
Germania Todd
0%
Germantown Cottonwood
0%
Gervais Red Lake
0%
Getty Stearns
0%
Gilchrist Pope
0%
Gillford Wabasha
0%
Gilmanton Benton
0%
Girard Otter Tail
0%
Glasgow Wabasha
0%
Glen Aitkin
0%
Glencoe McLeod
0%
Glendorado Benton
0%
Glenwood Pope
0%
Gnesen St. Louis
0%
Godfrey Polk
0%
Golden Valley Roseau
0%
Good Hope Itasca
0%
Good Hope Norman
0%
Goodhue Goodhue
0%
Goodland Itasca
0%
Goodridge Pennington
0%
Goose Prairie Clay
0%
Gordon Todd
0%
Gorman Otter Tail
0%
Gorton Grant
0%
Gould Cass
0%
Grace Chippewa
0%
Graceville Big Stone
0%
Grafton Sibley
0%
Graham Benton
0%
Graham Lakes Nobles
0%
Granby Nicollet
0%
Grand Forks Polk
0%
Grand Lake St. Louis
0%
Grand Meadow Mower
0%
Grand Plain Marshall
0%
Grand Prairie Nobles
0%
Grand Rapids Itasca
0%
Grandview Lyon
0%
Grange Pipestone
0%
Granite Falls Chippewa
0%
Granite Ledge Benton
0%
Granite Morrison
0%
Granite Rock Redwood
0%
Grant Valley Beltrami
0%
Granville Kittson
0%
Grass Lake Kanabec
0%
Grattan Itasca
0%
Gray Pipestone
0%
Great Bend Cottonwood
0%
Great Scott St. Louis
0%
Greenbush Mille Lacs
0%
Greenfield Wabasha
0%
Green Isle Sibley
0%
Greenleaf Meeker
0%
Green Meadow Norman
0%
Green Prairie Morrison
0%
Greenvale Dakota
0%
Green Valley Becker
0%
Greenway Itasca
0%
Greenwood Clearwater
0%
Greenwood St. Louis
0%
Gregory Mahnomen
0%
Grey Cloud Island Washington
0%
Grey Eagle Todd
0%
Grimstad Roseau
0%
Grove Lake Pope
0%
Grove Park-Tilden Polk
0%
Grove Stearns
0%
Gudrid Lake of the Woods
0%
Gully Polk
0%
Guthrie Hubbard
0%
Hagali Beltrami
0%
Hagen Clay
0%
Halden St. Louis
0%
Hale McLeod
0%
Hallock Kittson
0%
Halstad Norman
0%
Hamden Becker
0%
Hamlin Lac qui Parle
0%
Hammer Yellow Medicine
0%
Hammond Polk
0%
Hampden Kittson
0%
Hampton Dakota
0%
Hamre Beltrami
0%
Hancock Carver
0%
Hangaard Clearwater
0%
Hansonville Lincoln
0%
Hantho Lac qui Parle
0%
Harmony Fillmore
0%
Harris Itasca
0%
Harrison Kandiyohi
0%
Hartford Todd
0%
Hart Lake Hubbard
0%
Hartland Freeborn
0%
Hart Winona
0%
Harvey Meeker
0%
Hassan Hennepin
0%
Hassan Valley McLeod
0%
Haugen Aitkin
0%
Havana Steele
0%
Havelock Chippewa
0%
Haven Sherburne
0%
Haverhill Olmsted
0%
Hawk Creek Renville
0%
Hawley Clay
0%
Hay Brook Kanabec
0%
Hay Creek Goodhue
0%
Hayes Swift
0%
Hayfield Dodge
0%
Hayland Mille Lacs
0%
Hayward Freeborn
0%
Hazel Run Yellow Medicine
0%
Hazelton Aitkin
0%
Hazelton Kittson
0%
Hector Renville
0%
Hegbert Swift
0%
Hegne Norman
0%
Heier Mahnomen
0%
Height of Land Becker
0%
Helena Scott
0%
Helen McLeod
0%
Helga Hubbard
0%
Helgeland Polk
0%
Henderson Sibley
0%
Hendricks Lincoln
0%
Hendrickson Hubbard
0%
Hendrum Norman
0%
Henning Otter Tail
0%
Henrietta Hubbard
0%
Henryville Renville
0%
Hereim Roseau
0%
Heron Lake Jackson
0%
Hersey Nobles
0%
Hickory Pennington
0%
Higdem Polk
0%
High Forest Olmsted
0%
Highland Grove Clay
0%
Highlanding Pennington
0%
Highland Wabasha
0%
Highwater Cottonwood
0%
Hill Kittson
0%
Hill Lake Aitkin
0%
Hillman Kanabec
0%
Hillman Morrison
0%
Hill River Polk
0%
Hillsdale Winona
0%
Hinckley Pine
0%
Hines Beltrami
0%
Hiram Cass
0%
Hobart Otter Tail
0%
Hodges Stevens
0%
Hoff Pope
0%
Hokah Houston
0%
Holden Goodhue
0%
Holding Stearns
0%
Holland Kandiyohi
0%
Holly Murray
0%
Hollywood Carver
0%
Holmesville Becker
0%
Holst Clearwater
0%
Holt Fillmore
0%
Holt Marshall
0%
Holy Cross Clay
0%
Holyoke Carlton
0%
Home Brook Cass
0%
Home Brown
0%
Home Lake Norman
0%
Homer Winona
0%
Homestead Otter Tail
0%
Honner Redwood
0%
Hope Lincoln
0%
Hornet Beltrami
0%
Horton Stevens
0%
Houston Houston
0%
Hubbard Hubbard
0%
Hubbard Polk
0%
Hudson Douglas
0%
Humboldt Clay
0%
Hunter Jackson
0%
Huntersville Wadena
0%
Huntly Marshall
0%
Huntsville Polk
0%
Huss Roseau
0%
Hutchinson McLeod
0%
Hyde Park Wabasha
0%
Ida Douglas
0%
Ideal Crow Wing
0%
Idun Aitkin
0%
Indian Lake Nobles
0%
Industrial St. Louis
0%
Inguadona Cass
0%
Inman Otter Tail
0%
Iona Murray
0%
Iona Todd
0%
Iosco Waseca
0%
Irondale Crow Wing
0%
Iron Range Itasca
0%
Isanti Isanti
0%
Island Lake Lyon
0%
Island Lake Mahnomen
0%
Isle Harbor Mille Lacs
0%
Itasca Clearwater
0%
Jackson Scott
0%
Jadis Roseau
0%
Jamestown Blue Earth
0%
Janesville Waseca
0%
Jay Martin
0%
Jefferson Houston
0%
Jenkins Crow Wing
0%
Jessenland Sibley
0%
Jevne Aitkin
0%
Jo Daviess Faribault
0%
Johnson Polk
0%
Johnsonville Redwood
0%
Jones Beltrami
0%
Jordan Fillmore
0%
Judson Blue Earth
0%
Jupiter Kittson
0%
Kalevala Carlton
0%
Kalmar Olmsted
0%
Kanabec Kanabec
0%
Kanaranzi Rock
0%
Kandiyohi Kandiyohi
0%
Kandota Todd
0%
Kasota Le Sueur
0%
Kathio Mille Lacs
0%
Kego Cass
0%
Kelliher Beltrami
0%
Kelsey St. Louis
0%
Kelso Sibley
0%
Kenyon Goodhue
0%
Kerkhoven Swift
0%
Kerrick Pine
0%
Kertsonville Polk
0%
Kettle River Pine
0%
Keystone Polk
0%
Kiel Lake of the Woods
0%
Kiester Faribault
0%
Kildare Swift
0%
Kilkenny Le Sueur
0%
Kimball Jackson
0%
Kimberly Aitkin
0%
Kinghurst Itasca
0%
Kingman Renville
0%
King Polk
0%
Kingston Meeker
0%
Kintire Redwood
0%
Knife Lake Kanabec
0%
Knute Polk
0%
Kragero Chippewa
0%
Kragnes Clay
0%
Krain Stearns
0%
Kratka Pennington
0%
Kroschel Kanabec
0%
Kugler St. Louis
0%
Lac qui Parle Lac qui Parle
0%
La Crescent Houston
0%
La Crosse Jackson
0%
Lafayette Nicollet
0%
La Garde Mahnomen
0%
La Grand Douglas
0%
Lake Alice Hubbard
0%
Lake Andrew Kandiyohi
0%
Lake Belt Martin
0%
Lake Benton Lincoln
0%
Lake Edwards Crow Wing
0%
Lake Elizabeth Kandiyohi
0%
Lake Emma Hubbard
0%
Lake Eunice Becker
0%
Lake Fremont Martin
0%
Lake George Hubbard
0%
Lake George Stearns
0%
Lake Grove Mahnomen
0%
Lake Hanska Brown
0%
Lake Hattie Hubbard
0%
Lake Henry Stearns
0%
Lake Ida Norman
0%
Lake Jessie Itasca
0%
Lake Johanna Pope
0%
Lake Lillian Kandiyohi
0%
Lake Marshall Lyon
0%
Lake Mary Douglas
0%
Lake Park Becker
0%
Lake Pleasant Red Lake
0%
Lakeport Hubbard
0%
Lake Prairie Nicollet
0%
Lake Roseau
0%
Lake Sarah Murray
0%
Lake Shore Lac qui Parle
0%
Lakeside Aitkin
0%
Lakeside Cottonwood
0%
Lake Stay Lincoln
0%
Laketown Carver
0%
Lake Valley Traverse
0%
Lake View Becker
0%
Lakeview Carlton
0%
Lake Wabasha
0%
Lakewood Lake of the Woods
0%
Lakewood St. Louis
0%
Lakin Morrison
0%
Lamberton Redwood
0%
Lambert Red Lake
0%
Lammers Beltrami
0%
Land Grant
0%
Lanesburgh Le Sueur
0%
Langhei Pope
0%
Langola Benton
0%
Langor Beltrami
0%
Lansing Mower
0%
Laona Roseau
0%
La Prairie Clearwater
0%
Larkin Nobles
0%
Lavell St. Louis
0%
Lawrence Grant
0%
Lawrence Itasca
0%
Leaf Lake Otter Tail
0%
Leaf Mountain Otter Tail
0%
Leaf River Wadena
0%
Leaf Valley Douglas
0%
Leavenworth Brown
0%
Lee Aitkin
0%
Lee Beltrami
0%
Leech Lake Cass
0%
Leeds Murray
0%
Lee Norman
0%
Leenthrop Chippewa
0%
Leiding St. Louis
0%
Leigh Morrison
0%
Lemond Steele
0%
Lent Chisago
0%
Leonardsville Traverse
0%
Leon Clearwater
0%
Leon Goodhue
0%
Leota Nobles
0%
Le Ray Blue Earth
0%
Le Roy Mower
0%
Le Sauk Stearns
0%
Leslie Todd
0%
Lessor Polk
0%
Leven Pope
0%
Lewis Mille Lacs
0%
Lexington Le Sueur
0%
Libby Aitkin
0%
Liberty Beltrami
0%
Liberty Itasca
0%
Liberty Polk
0%
Lida Otter Tail
0%
Lien Grant
0%
Lima Cass
0%
Lime Blue Earth
0%
Lime Lake Murray
0%
Limestone Lincoln
0%
Lincoln Blue Earth
0%
Lincoln Marshall
0%
Linden Brown
0%
Linden Grove St. Louis
0%
Lind Roseau
0%
Linsell Marshall
0%
Linwood Anoka
0%
Lisbon Yellow Medicine
0%
Lismore Nobles
0%
Litchfield Meeker
0%
Little Elbow Mahnomen
0%
Little Elk Todd
0%
Little Falls Morrison
0%
Little Pine Crow Wing
0%
Little Rock Nobles
0%
Little Sauk Todd
0%
Lockhart Norman
0%
Lodi Mower
0%
Logan Aitkin
0%
Logan Grant
0%
London Freeborn
0%
Lone Pine Itasca
0%
Lone Tree Chippewa
0%
Long Lake Crow Wing
0%
Long Lake Watonwan
0%
Long Prairie Todd
0%
Loon Lake Cass
0%
Lorain Nobles
0%
Louisville Red Lake
0%
Louisville Scott
0%
Louriston Chippewa
0%
Lowell Polk
0%
Lowville Murray
0%
Lucas Lyon
0%
Lund Douglas
0%
Lura Faribault
0%
Lutsen Cook
0%
Luverne Rock
0%
Luxemburg Stearns
0%
Lyle Mower
0%
Lynden Stearns
0%
Lynd Lyon
0%
Lynn McLeod
0%
Lyons Lyon
0%
Lyons Wadena
0%
Lyra Blue Earth
0%
Macsville Grant
0%
Macville Aitkin
0%
Madelia Watonwan
0%
Madison Lac qui Parle
0%
Magnolia Rock
0%
Mahtowa Carlton
0%
Maine Otter Tail
0%
Maine Prairie Stearns
0%
Malmo Aitkin
0%
Malta Big Stone
0%
Malung Roseau
0%
Mamre Kandiyohi
0%
Manannah Meeker
0%
Manchester Freeborn
0%
Mandt Chippewa
0%
Manfred Lac qui Parle
0%
Mansfield Freeborn
0%
Manston Wilkin
0%
Mantorville Dodge
0%
Mantrap Hubbard
0%
Manyaska Martin
0%
Maple Cass
0%
Maple Grove Becker
0%
Maple Grove Crow Wing
0%
Maple Lake Wright
0%
Maple Ridge Beltrami
0%
Maple Ridge Isanti
0%
Mapleton Blue Earth
0%
Maplewood Otter Tail
0%
Marble Lincoln
0%
Marcell Itasca
0%
Marion Olmsted
0%
Marshall Mower
0%
Marshan Dakota
0%
Marsh Creek Mahnomen
0%
Marshfield Lincoln
0%
Marsh Grove Marshall
0%
Martin Rock
0%
Martinsburg Renville
0%
Mary Norman
0%
Marysland Swift
0%
Marysville Wright
0%
Mason Murray
0%
Max Itasca
0%
Maxwell Lac qui Parle
0%
May Cass
0%
Mayfield Pennington
0%
Mayhew Lake Benton
0%
Mayville Houston
0%
May Washington
0%
Maywood Benton
0%
Mazeppa Wabasha
0%
McCauleyville Wilkin
0%
McCrea Marshall
0%
McDavitt St. Louis
0%
McDonaldsville Norman
0%
McDougald Lake of the Woods
0%
McGregor Aitkin
0%
McKinley Cass
0%
McPherson Blue Earth
0%
Meadow Brook Cass
0%
Meadowlands St. Louis
0%
Meadows Wilkin
0%
Meadow Wadena
0%
Medford Steele
0%
Medo Blue Earth
0%
Mehurin Lac qui Parle
0%
Melrose Stearns
0%
Melville Renville
0%
Meriden Steele
0%
Merton Steele
0%
Mickinock Roseau
0%
Middle River Marshall
0%
Middletown Jackson
0%
Middleville Wright
0%
Midway Cottonwood
0%
Midway St. Louis
0%
Milaca Mille Lacs
0%
Milford Brown
0%
Millerville Douglas
0%
Millward Aitkin
0%
Millwood Stearns
0%
Milo Mille Lacs
0%
Miltona Douglas
0%
Milton Dodge
0%
Minden Benton
0%
Minerva Clearwater
0%
Minneiska Wabasha
0%
Minneola Goodhue
0%
Minneota Jackson
0%
Minnesota Falls Yellow Medicine
0%
Minnesota Lake Faribault
0%
Minnewaska Pope
0%
Minnie Beltrami
0%
Mission Creek Pine
0%
Mission Crow Wing
0%
Mitchell Wilkin
0%
Moe Douglas
0%
Moland Clay
0%
Moltke Sibley
0%
Money Creek Houston
0%
Monroe Lyon
0%
Monson Traverse
0%
Montgomery Le Sueur
0%
Monticello Wright
0%
Moonshine Big Stone
0%
Moore Stevens
0%
Moose Creek Clearwater
0%
Moose Lake Beltrami
0%
Moose Lake Carlton
0%
Moose Lake Cass
0%
Moose Park Itasca
0%
Moose River Marshall
0%
Moose Roseau
0%
Moran Todd
0%
Moranville Roseau
0%
Morcom St. Louis
0%
Morgan Redwood
0%
Morken Clay
0%
Morrill Morrison
0%
Morrison Aitkin
0%
Morris Stevens
0%
Morristown Rice
0%
Morse Itasca
0%
Morse St. Louis
0%
Motley Morrison
0%
Moulton Murray
0%
Mound Prairie Houston
0%
Mound Rock
0%
Mountain Lake Cottonwood
0%
Mount Morris Morrison
0%
Mount Pleasant Wabasha
0%
Mount Vernon Winona
0%
Moyer Swift
0%
Moylan Marshall
0%
Mudgett Mille Lacs
0%
Mulligan Brown
0%
Munch Pine
0%
Munson Stearns
0%
Murray Murray
0%
Myhre Lake of the Woods
0%
Nashville Martin
0%
Nashwauk Itasca
0%
Nebish Beltrami
0%
Nelson Park Marshall
0%
Nelson Watonwan
0%
Nereson Roseau
0%
Nesbit Polk
0%
Nessel Chisago
0%
Ness St. Louis
0%
Nevada Mower
0%
Nevis Hubbard
0%
New Auburn Sibley
0%
New Avon Redwood
0%
Newburg Fillmore
0%
New Dosey Pine
0%
New Folden Marshall
0%
New Hartford Winona
0%
New Haven Olmsted
0%
New Independence St. Louis
0%
New Maine Marshall
0%
New Market Scott
0%
New Prairie Pope
0%
New Richland Waseca
0%
Newry Freeborn
0%
New Solum Marshall
0%
New Sweden Nicollet
0%
Newton Otter Tail
0%
Nickerson Pine
0%
Nicollet Nicollet
0%
Nidaros Otter Tail
0%
Nilsen Wilkin
0%
Nininger Dakota
0%
Nokay Lake Crow Wing
0%
Nora Clearwater
0%
Nora Pope
0%
Norden Pennington
0%
Nordick Wilkin
0%
Nordland Aitkin
0%
Nordland Lyon
0%
Nore Itasca
0%
Norfolk Renville
0%
Normania Yellow Medicine
0%
Normanna St. Louis
0%
Norman Pine
0%
Norman Yellow Medicine
0%
North Branch Isanti
0%
Northern Beltrami
0%
Northfield Rice
0%
North Fork Stearns
0%
North Germany Wadena
0%
North Hero Redwood
0%
Northland Polk
0%
Northland St. Louis
0%
North Ottawa Grant
0%
North Pennington
0%
North Red River Kittson
0%
North Star Brown
0%
North Star St. Louis
0%
Norton Winona
0%
Norway Fillmore
0%
Norway Kittson
0%
Norway Lake Kandiyohi
0%
Norwegian Grove Otter Tail
0%
Numedal Pennington
0%
Oakland Mahnomen
0%
Oak Lawn Crow Wing
0%
Oak Park Marshall
0%
Oakport Clay
0%
Oak Stearns
0%
Oak Valley Otter Tail
0%
Oakwood Wabasha
0%
O'Brien Beltrami
0%
Odessa Big Stone
0%
Odin Watonwan
0%
Ogema Pine
0%
Olney Nobles
0%
Omro Yellow Medicine
0%
Onamia Mille Lacs
0%
Onstad Polk
0%
Orange Douglas
0%
Orion Olmsted
0%
Oronoco Olmsted
0%
Orrock Sherburne
0%
Ortonville Big Stone
0%
Orton Wadena
0%
Orwell Otter Tail
0%
Osage Becker
0%
Osakis Douglas
0%
Osborne Pipestone
0%
Oscar Otter Tail
0%
Osceola Renville
0%
Oshawa Nicollet
0%
Oshkosh Yellow Medicine
0%
Oteneagen Itasca
0%
Otisco Waseca
0%
Otrey Big Stone
0%
Ottawa Le Sueur
0%
Otter Tail Otter Tail
0%
Otter Tail Peninsula Cass
0%
Otto Otter Tail
0%
Owatonna Steele
0%
Owens St. Louis
0%
Oxford Isanti
0%
Paddock Otter Tail
0%
Page Mille Lacs
0%
Palmer Sherburne
0%
Palmville Roseau
0%
Palmyra Renville
0%
Parke Clay
0%
Parker Marshall
0%
Parker Morrison
0%
Parkers Prairie Otter Tail
0%
Parnell Polk
0%
Parnell Traverse
0%
Partridge Pine
0%
Paxton Redwood
0%
Paynesville Stearns
0%
Peace Kanabec
0%
Pelan Kittson
0%
Pelican Crow Wing
0%
Pelican Lake Grant
0%
Pelican Otter Tail
0%
Pembina Mahnomen
0%
Penn McLeod
0%
Pepin Wabasha
0%
Pepperton Stevens
0%
Pequaywan St. Louis
0%
Perch Lake Carlton
0%
Percy Kittson
0%
Perham Otter Tail
0%
Perry Lac qui Parle
0%
Perry Lake Crow Wing
0%
Petersburg Jackson
0%
Pickerel Lake Freeborn
0%
Pierz Morrison
0%
Pike Bay Cass
0%
Pike Creek Morrison
0%
Pike St. Louis
0%
Pillsbury Swift
0%
Pilot Grove Faribault
0%
Pilot Mound Fillmore
0%
Pine City Pine
0%
Pine Island Goodhue
0%
Pine Lake Cass
0%
Pine Lake Clearwater
0%
Pine Lake Otter Tail
0%
Pine Lake Pine
0%
Pine Point Becker
0%
Pine River Cass
0%
Plainview Wabasha
0%
Platte Lake Crow Wing
0%
Platte Morrison
0%
Pleasant Grove Olmsted
0%
Pleasant Hill Winona
0%
Pleasant Mound Blue Earth
0%
Pleasant Prairie Martin
0%
Pleasant Valley Mower
0%
Pleasant View Norman
0%
Pliny Aitkin
0%
Pohlitz Roseau
0%
Pokegama Pine
0%
Polk Centre Pennington
0%
Polonia Roseau
0%
Pomme de Terre Grant
0%
Pomroy Itasca
0%
Pomroy Kanabec
0%
Ponto Lake Cass
0%
Poplar Cass
0%
Poplar Grove Roseau
0%
Poplar River Red Lake
0%
Popple Clearwater
0%
Popple Grove Mahnomen
0%
Poppleton Kittson
0%
Portage St. Louis
0%
Port Hope Beltrami
0%
Posen Yellow Medicine
0%
Potamo Lake of the Woods
0%
Powers Cass
0%
Prairie Lake St. Louis
0%
Prairie View Wilkin
0%
Prairieville Brown
0%
Preble Fillmore
0%
Prescott Faribault
0%
Preston Fillmore
0%
Preston Lake Renville
0%
Princeton Mille Lacs
0%
Prior Big Stone
0%
Prosper Lake of the Woods
0%
Providence Lac qui Parle
0%
Pulaski Morrison
0%
Queen Polk
0%
Quincy Olmsted
0%
Quiring Beltrami
0%
Rabbit Lake Crow Wing
0%
Racine Mower
0%
Rail Prairie Morrison
0%
Randolph Dakota
0%
Ransom Nobles
0%
Rapidan Blue Earth
0%
Rapid River Lake of the Woods
0%
Ravenna Dakota
0%
Raymond Stearns
0%
Red Eye Wadena
0%
Red Lake Falls Red Lake
0%
Redpath Traverse
0%
Red Rock Mower
0%
Redwood Falls Redwood
0%
Reine Roseau
0%
Reiner Pennington
0%
Reis Polk
0%
Remer Cass
0%
Rendsville Stevens
0%
Reno Pope
0%
Reynolds Todd
0%
Rheiderland Chippewa
0%
Rhinehart Polk
0%
Rice Clearwater
0%
Riceland Freeborn
0%
Rice River Aitkin
0%
Riceville Becker
0%
Richardson Morrison
0%
Richardville Kittson
0%
Richland Rice
0%
Richmond Winona
0%
Rich Valley McLeod
0%
Richwood Becker
0%
Ridgely Nicollet
0%
Ripley Dodge
0%
Ripley Morrison
0%
Riverdale Watonwan
0%
River Falls Pennington
0%
River Red Lake
0%
Riverside Lac qui Parle
0%
Riverton Clay
0%
Roberts Wilkin
0%
Rochester Olmsted
0%
Rock Dell Olmsted
0%
Rockford Wright
0%
Rock Lake Lyon
0%
Rock Pipestone
0%
Rocksbury Pennington
0%
Rockville Stearns
0%
Rockwell Norman
0%
Rockwood Hubbard
0%
Rockwood Wadena
0%
Rogers Cass
0%
Rolling Forks Pope
0%
Rolling Green Martin
0%
Rollingstone Winona
0%
Rollis Marshall
0%
Rome Faribault
0%
Roome Polk
0%
Roosevelt Beltrami
0%
Roosevelt Crow Wing
0%
Roscoe Goodhue
0%
Rosebud Polk
0%
Rosedale Mahnomen
0%
Rose Dell Rock
0%
Rose Hill Cottonwood
0%
Roseland Kandiyohi
0%
Rosendale Watonwan
0%
Roseville Grant
0%
Rosewood Chippewa
0%
Rosing Morrison
0%
Ross Lake Crow Wing
0%
Ross Roseau
0%
Rost Jackson
0%
Round Grove McLeod
0%
Round Lake Becker
0%
Round Lake Jackson
0%
Round Prairie Todd
0%
Royal Lincoln
0%
Royalton Pine
0%
Rulien Lake of the Woods
0%
Runeberg Becker
0%
Rush Lake Otter Tail
0%
Rushseba Chisago
0%
Russia Polk
0%
Rutland Martin
0%
Sacred Heart Renville
0%
Sago Itasca
0%
Salem Cass
0%
Salem Olmsted
0%
Salo Aitkin
0%
Sand Creek Scott
0%
Sanders Pennington
0%
Sand Lake Itasca
0%
Sandnes Yellow Medicine
0%
Sandstone Pine
0%
Sandsville Polk
0%
Sandy St. Louis
0%
Sanford Grant
0%
San Francisco Carver
0%
Santiago Sherburne
0%
Saratoga Winona
0%
Sargeant Mower
0%
Sauk Centre Stearns
0%
Sauk Rapids Benton
0%
Savannah Becker
0%
Scambler Otter Tail
0%
Scandia Polk
0%
Scandia Valley Morrison
0%
Schoolcraft Hubbard
0%
Schroeder Cook
0%
Sciota Dakota
0%
Scott Stevens
0%
Seavey Aitkin
0%
Seely Faribault
0%
Selma Cottonwood
0%
Severance Sibley
0%
Seward Nobles
0%
Shafer Chisago
0%
Shamrock Aitkin
0%
Shaokatan Lincoln
0%
Sharon Le Sueur
0%
Shelburne Lyon
0%
Shelby Blue Earth
0%
Sheldon Houston
0%
Shell Lake Becker
0%
Shell River Wadena
0%
Shell Rock Freeborn
0%
Shelly Norman
0%
Sheridan Redwood
0%
Sherman Redwood
0%
Shetek Murray
0%
Shevlin Clearwater
0%
Shible Swift
0%
Shieldsville Rice
0%
Shingobee Cass
0%
Shooks Beltrami
0%
Shotley Beltrami
0%
Sibley Crow Wing
0%
Sibley Sibley
0%
Sigel Brown
0%
Silver Brook Carlton
0%
Silver Carlton
0%
Silver Creek Lake
0%
Silver Creek Wright
0%
Silver Lake Martin
0%
Silver Leaf Becker
0%
Silverton Pennington
0%
Sinclair Clearwater
0%
Sinnott Marshall
0%
Sioux Agency Yellow Medicine
0%
Sioux Valley Jackson
0%
Six Mile Grove Swift
0%
Skagen Roseau
0%
Skandia Murray
0%
Skane Kittson
0%
Skelton Carlton
0%
Skree Clay
0%
Slater Cass
0%
Slayton Murray
0%
Sletten Polk
0%
Smiley Pennington
0%
Smoky Hollow Cass
0%
Sodus Lyon
0%
Solem Douglas
0%
Soler Roseau
0%
Solway St. Louis
0%
Somerset Steele
0%
South Bend Blue Earth
0%
South Branch Watonwan
0%
Southbrook Cottonwood
0%
South Fork Kanabec
0%
South Harbor Mille Lacs
0%
South Red River Kittson
0%
Southside Wright
0%
Spalding Aitkin
0%
Spang Itasca
0%
Sparta Chippewa
0%
Spencer Aitkin
0%
Spencer Brook Isanti
0%
Splithand Itasca
0%
Split Rock Carlton
0%
Spooner Lake of the Woods
0%
Spring Brook Kittson
0%
Spring Creek Becker
0%
Spring Creek Norman
0%
Springdale Redwood
0%
Springfield Cottonwood
0%
Spring Grove Houston
0%
Spring Hill Stearns
0%
Spring Lake Scott
0%
Spring Prairie Clay
0%
Springvale Isanti
0%
Spring Valley Fillmore
0%
Springwater Rock
0%
Spruce Grove Becker
0%
Spruce Grove Beltrami
0%
Spruce Hill Douglas
0%
Spruce Roseau
0%
Spruce Valley Marshall
0%
Stafford Roseau
0%
Stanchfield Isanti
0%
Stanford Isanti
0%
Stanley Lyon
0%
Stanton Goodhue
0%
Staples Todd
0%
Stark Brown
0%
Star Lake Otter Tail
0%
Star Pennington
0%
Stately Brown
0%
St. Augusta Stearns
0%
St. Charles Winona
0%
Steamboat River Hubbard
0%
Steenerson Beltrami
0%
Sterling Blue Earth
0%
Stevens Stevens
0%
St. George Benton
0%
Stillwater Washington
0%
St. James Watonwan
0%
St. Johns Kandiyohi
0%
St. Joseph Kittson
0%
St. Joseph Stearns
0%
St. Lawrence Scott
0%
St. Martin Stearns
0%
St. Mary Waseca
0%
St. Mathias Crow Wing
0%
Stockholm Wright
0%
Stokes Itasca
0%
Stokes Roseau
0%
St. Olaf Otter Tail
0%
Stoneham Chippewa
0%
Stoney Brook St. Louis
0%
Stony Brook Grant
0%
Stony River Lake
0%
Stony Run Yellow Medicine
0%
Storden Cottonwood
0%
Stowe Prairie Todd
0%
Straight River Hubbard
0%
Strand Norman
0%
Sturgeon Lake Pine
0%
Sturgeon St. Louis
0%
St. Vincent Kittson
0%
St. Wendel Stearns
0%
Sugar Bush Becker
0%
Sugar Bush Beltrami
0%
Sullivan Polk
0%
Summit Beltrami
0%
Summit Lake Nobles
0%
Summit Steele
0%
Sumner Fillmore
0%
Sumter McLeod
0%
Sundal Norman
0%
Sundown Redwood
0%
Sunnyside Wilkin
0%
Sunrise Chisago
0%
Svea Kittson
0%
Sverdrup Otter Tail
0%
Swan Lake Stevens
0%
Swan River Morrison
0%
Swanville Morrison
0%
Swede Grove Meeker
0%
Swede Prairie Yellow Medicine
0%
Swedes Forest Redwood
0%
Sweet Pipestone
0%
Swenoda Swift
0%
Swiftwater Lake of the Woods
0%
Sylvan Cass
0%
Synnes Stevens
0%
Tabor Polk
0%
Tamarac Marshall
0%
Tanberg Wilkin
0%
Tara Swift
0%
Tara Traverse
0%
Taylor Beltrami
0%
Taylor Traverse
0%
Tegner Kittson
0%
Teien Kittson
0%
Tenhassen Martin
0%
Ten Lake Beltrami
0%
Ten Mile Lake Lac qui Parle
0%
Terrebonne Red Lake
0%
Thief Lake Marshall
0%
Third River Itasca
0%
Thomastown Wadena
0%
Thompson Kittson
0%
Thomson Carlton
0%
Thorpe Hubbard
0%
Three Lakes Redwood
0%
Thunder Lake Cass
0%
Timothy Crow Wing
0%
Tintah Traverse
0%
Toad Lake Becker
0%
Todd Hubbard
0%
Tofte Cook
0%
Toivola St. Louis
0%
Toqua Big Stone
0%
Tordenskjold Otter Tail
0%
Torning Swift
0%
Torrey Cass
0%
Transit Sibley
0%
Traverse Nicollet
0%
Trelipe Cass
0%
Trondhjem Otter Tail
0%
Trout Lake Itasca
0%
Troy Pipestone
0%
Troy Renville
0%
Tumuli Otter Tail
0%
Tunsberg Chippewa
0%
Turner Aitkin
0%
Turtle Creek Todd
0%
Turtle Lake Beltrami
0%
Turtle Lake Cass
0%
Turtle River Beltrami
0%
Twin Lakes Carlton
0%
Twin Lakes Mahnomen
0%
Two Inlets Becker
0%
Two Rivers Morrison
0%
Tynsid Polk
0%
Tyrone Le Sueur
0%
Tyro Yellow Medicine
0%
Udolpho Mower
0%
Ulen Clay
0%
Underwood Redwood
0%
Union Grove Meeker
0%
Union Houston
0%
Urness Douglas
0%
Utica Winona
0%
Vail Redwood
0%
Vallers Lyon
0%
Valley Marshall
0%
Van Buren St. Louis
0%
Vasa Goodhue
0%
Vega Marshall
0%
Veldt Marshall
0%
Verdi Lincoln
0%
Verdon Aitkin
0%
Vermilion Lake St. Louis
0%
Vermillion Dakota
0%
Vernon Center Blue Earth
0%
Vernon Dodge
0%
Verona Faribault
0%
Vesta Redwood
0%
Victor Wright
0%
Victory Lake of the Woods
0%
Viding Clay
0%
Vienna Rock
0%
Viking Marshall
0%
Villard Todd
0%
Vineland Polk
0%
Viola Olmsted
0%
Vivian Waseca
0%
Waasa St. Louis
0%
Wabana Itasca
0%
Wabanica Lake of the Woods
0%
Wabedo Cass
0%
Waconia Carver
0%
Wacouta Goodhue
0%
Wadena Wadena
0%
Wagner Aitkin
0%
Wakefield Stearns
0%
Walcott Rice
0%
Walden Cass
0%
Walden Pope
0%
Walhalla Lake of the Woods
0%
Walls Traverse
0%
Walnut Lake Faribault
0%
Walter Lac qui Parle
0%
Waltham Mower
0%
Walworth Becker
0%
Wanamingo Goodhue
0%
Wanger Marshall
0%
Wang Renville
0%
Ward Todd
0%
Warrenton Marshall
0%
Warren Winona
0%
Warsaw Goodhue
0%
Warsaw Rice
0%
Washington Lake Sibley
0%
Washington Le Sueur
0%
Wasioja Dodge
0%
Waskish Beltrami
0%
Watab Benton
0%
Waterbury Redwood
0%
Waterford Dakota
0%
Watertown Carver
0%
Waterville Le Sueur
0%
Watopa Wabasha
0%
Waukenabo Aitkin
0%
Waukon Norman
0%
Waverly Martin
0%
Wawina Itasca
0%
Wealthwood Aitkin
0%
Webster Rice
0%
Weimer Jackson
0%
Welch Goodhue
0%
Wellington Renville
0%
Wells Rice
0%
Wergeland Yellow Medicine
0%
West Albany Wabasha
0%
West Bank Swift
0%
Westbrook Cottonwood
0%
Westerheim Lyon
0%
Western Otter Tail
0%
Westfield Dodge
0%
Westford Martin
0%
West Heron Lake Jackson
0%
West Lakeland Washington
0%
Westline Redwood
0%
West Newton Nicollet
0%
Westport Pope
0%
Westside Nobles
0%
West Union Todd
0%
West Valley Marshall
0%
Wheatland Rice
0%
Wheeler Lake of the Woods
0%
Wheeling Rice
0%
White Bear Lake Pope
0%
White Bear Ramsey
0%
Whited Kanabec
0%
White Earth Becker
0%
Whitefield Kandiyohi
0%
Whiteford Marshall
0%
White Oak Hubbard
0%
White Pine Aitkin
0%
White St. Louis
0%
Whitewater Winona
0%
Wild Rice Norman
0%
Wildwood Itasca
0%
Wilkinson Cass
0%
Williams Aitkin
0%
Willmar Kandiyohi
0%
Willow Lake Redwood
0%
Willow Valley St. Louis
0%
Wilma Pine
0%
Wilmington Houston
0%
Wilmont Nobles
0%
Wilson Cass
0%
Wilson Winona
0%
Wilton Waseca
0%
Winchester Norman
0%
Windemere Pine
0%
Windom Mower
0%
Windsor Traverse
0%
Winfield Renville
0%
Winger Polk
0%
Wing River Wadena
0%
Winnebago Houston
0%
Winsor Clearwater
0%
Winsted McLeod
0%
Wirt Itasca
0%
Wisconsin Jackson
0%
Wiscoy Winona
0%
Wolf Lake Becker
0%
Wolford Crow Wing
0%
Wolverton Wilkin
0%
Wood Lake Yellow Medicine
0%
Woodland Wright
0%
Woodrow Beltrami
0%
Woodrow Cass
0%
Woods Chippewa
0%
Woodside Otter Tail
0%
Woodside Polk
0%
Woodville Waseca
0%
Workman Aitkin
0%
Worthington Nobles
0%
Wrenshall Carlton
0%
Wright Marshall
0%
Wuori St. Louis
0%
Wyandotte Pennington
0%
Wyanett Isanti
0%
Wykeham Todd
0%
Wylie Red Lake
0%
Wyoming Chisago
0%
Yellow Bank Lac qui Parle
0%
York Fillmore
0%
Young America Carver
0%
Yucatan Houston
0%
Zion Stearns
0%
Zippel Lake of the Woods
0%
Zumbrota Goodhue
0%
Zumbro Wabasha
0%
No matching quizzes found
Score Distribution
Percent of People with Each Score
Percentile by Number Answered
Your Score History
You have not taken this quiz since the last reset